[Event "Berlin-ch Seniors op 26th"]
[Site "Berlin"]
[Date "2010.02.12"]
[Round "4"]
[White "Schulz, Manfred"]
[Black "Scharkowski, Albrecht"]
[Result "1-0"]
[WhiteElo "1496"]
[BlackElo "1630"]
[PlyCount "123"]
[EventDate "2010.02.09"]
[EventType "swiss"]
[EventRounds "9"]
[EventCountry "GER"]
[SourceTitle "EXT 2012"]
[Source "ChessBase"]
[SourceDate "2011.11.24"]
[SourceVersion "1"]
[SourceVersionDate "2011.11.24"]
[SourceQuality "1"]

1. d4 d5 2. Nf3 Nf6 3. e3 c6 4. Bd3 Bg4 5. h3 Bh5 6. g4 Bg6 7. Bxg6 hxg6 8. h4 Nxg4 9. Ng5 Nf6 10. Nd2 e6 11. Ndf3 Nbd7 12. Qd3 Be7 13. Nxf7 Kxf7 14. Ng5+ Kg8 15. Nxe6 Qe8 16. Nc7 Qc8 17. Nxa8 Nf8 18. Nb6 axb6 19. Qb3 b5 20. f3 Rh5 21. e4 Kh7 22. Bg5 Qc7 23. e5 Ng8 24. Bxe7 Nxe7 25. 0-0-0 Nf5 26. f4 Ne6 27. c3 Nxf4 28. Kb1 Qe7 29. Rde1 Ne6 30. Reg1 Rxh4 31. Rxh4+ Qxh4 32. a4 Qe4+ 33. Ka2 Qd3 34. axb5 Qxb5 35. Qxb5 cxb5 36. Kb3 Kg8 37. Rxg6 Kf7 38. Rg1 Ne3 39. Kb4 b6 40. Kxb5 g5 41. Kxb6 Nc4+ 42. Kc6 Nxb2 43. Kxd5 Nf4+ 44. Kc6 Kg6 45. Re1 Kf5 46. Kd7 Nc4 47. e6 Nb6+ 48. Ke7 Nfd5+ 49. Kf7 Nc8 50. c4 Nd6+ 51. Kf8 Nxc4 52. e7 Nxe7 53. Kxe7 g4 54. d5 Kf4 55. d6 Nxd6 56. Kxd6 Kf3 57. Re6 g3 58. Rf6+ Kg2 59. Ke5 Kg1 60. Ke4 Kh2 61. Rh6+ Kg1 62. Kf3 1-0

[Event "Berlin-ch Seniors op 24th"]
[Site "Berlin"]
[Date "2008.02.29"]
[Round "9"]
[White "Scharkowski, Albrecht"]
[Black "Muenster, Heinz Juergen"]
[Result "1/2-1/2"]
[WhiteElo "1627"]
[BlackElo "1591"]
[PlyCount "70"]
[EventDate "2008.02.21"]
[EventType "swiss"]
[EventRounds "9"]
[EventCountry "GER"]
[SourceTitle "EXT 2022"]
[Source "ChessBase"]
[SourceDate "2021.10.06"]
[SourceVersion "1"]
[SourceVersionDate "2021.10.06"]
[SourceQuality "1"]

1. Nf3 e6 2. g3 d5 3. Bg2 Nf6 4. d4 c5 5. c4 Nc6 6. cxd5 Nxd5 7. 0-0 cxd4 8. Nxd4 Nxd4 9. Qxd4 Qb6 10. Qe5 Nf6 11. Be3 Qd6 12. Bf4 Qxe5 13. Bxe5 Be7 14. Rc1 0-0 15. Rc7 Nd5 16. Bxd5 Bd8 17. Bxb7 Bxc7 18. Bxa8 Bxe5 19. Nc3 Ba6 20. Bf3 Rb8 21. Rd1 g6 22. Rd2 Kg7 23. Na4 Bb5 24. b3 Bxa4 25. bxa4 Rb2 26. Rxb2 Bxb2 27. e3 Bc3 28. Kf1 a5 29. Ke2 f6 30. Bc6 e5 31. f4 h6 32. h3 g5 33. Kd3 Be1 34. fxe5 fxe5 35. g4 Kf6 1/2-1/2

[Event "Berlin-ch Seniors op 24th"]
[Site "Berlin"]
[Date "2008.02.23"]
[Round "3"]
[White "Scharkowski, Albrecht"]
[Black "Rollwitz, Juergen"]
[Result "1/2-1/2"]
[WhiteElo "1627"]
[BlackElo "1779"]
[PlyCount "48"]
[EventDate "2008.02.21"]
[EventType "swiss"]
[EventRounds "9"]
[EventCountry "GER"]
[SourceTitle "EXT 2022"]
[Source "ChessBase"]
[SourceDate "2021.10.06"]
[SourceVersion "1"]
[SourceVersionDate "2021.10.06"]
[SourceQuality "1"]

1. Nf3 g6 2. c4 Bg7 3. g3 c5 4. Bg2 Nc6 5. Nc3 Nf6 6. 0-0 0-0 7. Rb1 d6 8. a3 Bf5 9. d3 Qd7 10. Qc2 Bh3 11. b4 Bxg2 12. Kxg2 b6 13. bxc5 dxc5 14. Bf4 Nh5 15. Bd2 Nd4 16. Nxd4 cxd4 17. Nd5 Nf6 18. Nxf6+ Bxf6 19. Qc1 Qc6+ 20. Kg1 Rfe8 21. Qb2 Qe6 22. Rfe1 Qh3 23. Qb5 h5 24. Qd5 Red8 1/2-1/2

[Event "Berlin-ch Seniors op 24th"]
[Site "Berlin"]
[Date "2008.02.21"]
[Round "1"]
[White "Scharkowski, Albrecht"]
[Black "Pueschel, Werner"]
[Result "0-1"]
[WhiteElo "1627"]
[BlackElo "2077"]
[PlyCount "144"]
[EventDate "2008.02.21"]
[EventType "swiss"]
[EventRounds "9"]
[EventCountry "GER"]
[SourceTitle "EXT 2022"]
[Source "ChessBase"]
[SourceDate "2021.10.06"]
[SourceVersion "1"]
[SourceVersionDate "2021.10.06"]
[SourceQuality "1"]

1. Nf3 Nf6 2. c4 g6 3. Nc3 Bg7 4. g3 0-0 5. Bg2 d6 6. 0-0 c6 7. Rb1 e5 8. d3 Re8 9. Qc2 Bg4 10. h3 Bd7 11. b4 Qc8 12. Kh2 d5 13. cxd5 cxd5 14. Qd2 a6 15. Bb2 d4 16. Nd1 Bc6 17. e3 dxe3 18. Nxe3 Nbd7 19. Nc4 Qc7 20. Rfe1 Nh5 21. Re2 f6 22. Rc1 Rad8 23. Qc2 Nb8 24. Na5 Qd6 25. Nxc6 Nxc6 26. Qc4+ Kh8 27. b5 axb5 28. Qxb5 Qxd3 29. Qxd3 Rxd3 30. Ne1 Rd6 31. Ba3 Nd4 32. Rb2 Ra6 33. Rc3 b5 34. Bb4 e4 35. a3 f5 36. Ra2 Nc6 37. Rb3 Nxb4 38. Rxb4 Bc3 39. Rb1 Bxe1 40. Rxe1 Rea8 41. Bf1 Rxa3 42. Rxa3 Rxa3 43. Bxb5 Nf6 44. Bc6 Rc3 45. Bb7 Rc2 46. Kg1 Rb2 47. Bc6 Rb6 48. Ba8 Rb8 49. Bc6 Rc8 50. Bb7 Rc3 51. Ba8 Nd7 52. Bd5 Ne5 53. Rd1 Kg7 54. Kg2 Kf6 55. Bb7 Rc2 56. Kf1 Nd3 57. f4 g5 58. Ba6 Rf2+ 59. Kg1 Rf3 60. fxg5+ Kxg5 61. Kg2 h5 62. Rf1 Rxf1 63. Kxf1 h4 64. Kg2 hxg3 65. Kxg3 f4+ 66. Kg2 Ne5 67. Bb7 e3 68. Be4 Kh4 69. Bf5 f3+ 70. Kf1 Kg3 71. Ke1 f2+ 72. Ke2 Kg2 0-1

[Event "Berlin-ch Seniors op 23rd"]
[Site "Berlin"]
[Date "2007.02.12"]
[Round "8"]
[White "Scharkowski, Albrecht"]
[Black "Busch, Klaus1111"]
[Result "1-0"]
[WhiteElo "1611"]
[BlackElo "1689"]
[PlyCount "51"]
[EventDate "2007.02.05"]
[EventType "swiss"]
[EventRounds "9"]
[EventCountry "GER"]
[SourceTitle "EXT 2022"]
[Source "ChessBase"]
[SourceDate "2021.10.06"]
[SourceVersion "1"]
[SourceVersionDate "2021.10.06"]
[SourceQuality "1"]

1. Nf3 c5 2. d3 Nc6 3. Nbd2 e5 4. e4 d6 5. c3 Bg4 6. Be2 Nf6 7. a4 Be7 8. 0-0 d5 9. Re1 0-0 10. Qc2 a6 11. exd5 Qxd5 12. Nc4 b5 13. Nb6 Qd6 14. Nxa8 Nd5 15. axb5 axb5 16. Ng5 Bc8 17. Bf3 Bb7 18. Qb3 h6 19. Bxd5 hxg5 20. Nb6 Bd8 21. Qxb5 Ne7 22. Bxb7 Bc7 23. g3 Rb8 24. Ra8 f6 25. Rxb8+ Bxb8 26. Be3 1-0

[Event "Berlin-ch Seniors op 23rd"]
[Site "Berlin"]
[Date "2007.02.11"]
[Round "7"]
[White "Schulz, Manfred"]
[Black "Scharkowski, Albrecht"]
[Result "0-1"]
[WhiteElo "1545"]
[BlackElo "1611"]
[PlyCount "124"]
[EventDate "2007.02.05"]
[EventType "swiss"]
[EventRounds "9"]
[EventCountry "GER"]
[SourceTitle "EXT 2022"]
[Source "ChessBase"]
[SourceDate "2021.10.06"]
[SourceVersion "1"]
[SourceVersionDate "2021.10.06"]
[SourceQuality "1"]

1. d4 d6 2. Nf3 Bg4 3. e3 Nf6 4. Nbd2 e6 5. Bd3 Be7 6. 0-0 d5 7. h3 Bh5 8. c3 0-0 9. Qb3 b6 10. Ne5 c5 11. dxc5 bxc5 12. Qa4 c4 13. Bc2 Nfd7 14. Ndf3 f6 15. Nxd7 Nxd7 16. Nd4 Nc5 17. Nc6 Nxa4 18. Nxd8 Rfxd8 19. Bxa4 Bf7 20. b4 cxb3 21. axb3 Rdc8 22. Bd2 Rc7 23. b4 Be8 24. Bxe8 Rxe8 25. Ra6 Kf7 26. Rfa1 Ra8 27. Kf1 e5 28. f4 Rd7 29. Ke2 Bd8 30. fxe5 fxe5 31. Rf1+ Ke8 32. Rf5 Bc7 33. g4 Rf7 34. Rxf7 Kxf7 35. Rc6 Bb6 36. Kd3 Rd8 37. Be1 e4+ 38. Ke2 Rd7 39. Bg3 Ke7 40. Be5 Kf7 41. g5 Re7 42. Bd4 Re6 43. Rxe6 Kxe6 44. Bxg7 a6 45. Bd4 Bd8 46. h4 Kf5 47. Bf6 Bc7 48. h5 Bg3 49. h6 Kg6 50. Kf1 Bh4 51. Kg2 Bxg5 52. Bxg5 Kxg5 53. Kg3 Kxh6 54. Kf4 Kg6 55. Kg4 h5+ 56. Kf4 Kf6 57. Kg3 Kg5 58. Kh3 h4 59. Kh2 Kg4 60. Kg2 h3+ 61. Kh2 Kh4 62. Kg1 Kg3 0-1

[Event "Brandenburg-ch Seniors 22nd"]
[Site "Berlin"]
[Date "2006.03.02"]
[Round "9"]
[White "Franke, Klaus"]
[Black "Scharkowski, Albrecht"]
[Result "1/2-1/2"]
[WhiteElo "1709"]
[BlackElo "1615"]
[PlyCount "84"]
[EventDate "2006.02.20"]
[EventType "swiss"]
[EventRounds "9"]
[EventCountry "GER"]
[SourceTitle "EXT 2007"]
[Source "ChessBase"]
[SourceDate "2006.11.23"]
[SourceVersion "1"]
[SourceVersionDate "2006.11.23"]
[SourceQuality "1"]

1. d4 d5 2. Nf3 c6 3. e3 Bf5 4. Bd3 Bxd3 5. Qxd3 Nf6 6. Nbd2 e6 7. e4 dxe4 8. Nxe4 Nxe4 9. Qxe4 Nd7 10. 0-0 Be7 11. c3 0-0 12. Bf4 Nf6 13. Qc2 Qd5 14. Rfe1 Rfe8 15. h3 Rac8 16. a3 Qd8 17. Rab1 c5 18. dxc5 Bxc5 19. Rbd1 Qb6 20. Be3 Bxe3 21. Rxe3 Rcd8 22. Red3 g6 23. Ne5 Qc7 24. Nf3 a6 25. Qe2 Rxd3 26. Qxd3 Re7 27. Qd8+ Qxd8 28. Rxd8+ Kg7 29. Kf1 Nd5 30. Ne5 Rc7 31. Rd7 Rxd7 32. Nxd7 b5 33. Nc5 Nc7 34. a4 Kf6 35. axb5 axb5 36. Nd3 e5 37. Nc5 Kf5 38. Ke2 e4 39. Nb3 Ke5 40. f3 exf3+ 41. Kxf3 f5 42. Nd2 Ne6 1/2-1/2

[Event "Brandenburg-ch Seniors 22nd"]
[Site "Berlin"]
[Date "2006.02.22"]
[Round "3"]
[White "Mueller, Johannes"]
[Black "Scharkowski, Albrecht"]
[Result "1-0"]
[WhiteElo "1721"]
[BlackElo "1615"]
[PlyCount "41"]
[EventDate "2006.02.20"]
[EventType "swiss"]
[EventRounds "9"]
[EventCountry "GER"]
[SourceTitle "EXT 2007"]
[Source "ChessBase"]
[SourceDate "2006.11.23"]
[SourceVersion "1"]
[SourceVersionDate "2006.11.23"]
[SourceQuality "1"]

1. e4 d5 2. exd5 Qxd5 3. d4 c6 4. c4 Qd8 5. Nf3 Nf6 6. h3 Bf5 7. Nc3 h6 8. Be2 e6 9. 0-0 Bd6 10. Bd3 Bxd3 11. Qxd3 0-0 12. Ne4 Nxe4 13. Qxe4 Nd7 14. Ne5 Re8 15. f4 Nf6 16. Qf3 Qc7 17. Be3 c5 18. Ng4 Nxg4 19. Qxg4 cxd4 20. Bxd4 Bc5 21. Qxg7# 1-0

[Event "Brandenburg-ch Seniors 22nd"]
[Site "Berlin"]
[Date "2006.02.20"]
[Round "1"]
[White "Zarubin, Juri"]
[Black "Scharkowski, Albrecht"]
[Result "1/2-1/2"]
[WhiteElo "1799"]
[BlackElo "1615"]
[PlyCount "37"]
[EventDate "2006.02.20"]
[EventType "swiss"]
[EventRounds "9"]
[EventCountry "GER"]
[SourceTitle "EXT 2007"]
[Source "ChessBase"]
[SourceDate "2006.11.23"]
[SourceVersion "1"]
[SourceVersionDate "2006.11.23"]
[SourceQuality "1"]

1. e4 d5 2. exd5 Qxd5 3. Nc3 Qa5 4. d4 c6 5. Nf3 Nf6 6. Be2 Bf5 7. 0-0 e6 8. Re1 Bd6 9. h3 h6 10. Bd3 Bxd3 11. Qxd3 Nbd7 12. Bd2 Qc7 13. Rab1 0-0 14. Ne4 Nxe4 15. Qxe4 Nf6 16. Qd3 Rfd8 17. Qe2 Bf4 18. Bxf4 Qxf4 19. Qe5 1/2-1/2

[Event "Berlin-ch Seniors op 21st"]
[Site "Berlin"]
[Date "2005.02.03"]
[Round "7"]
[White "Kujawa, Werner"]
[Black "Scharkowski, Albrecht"]
[Result "1-0"]
[WhiteElo "1705"]
[BlackElo "1644"]
[PlyCount "74"]
[EventDate "2005.01.28"]
[EventType "swiss"]
[EventRounds "9"]
[EventCountry "GER"]
[SourceTitle "EXT 2007"]
[Source "ChessBase"]
[SourceDate "2006.11.23"]
[SourceVersion "1"]
[SourceVersionDate "2006.11.23"]
[SourceQuality "1"]

1. Nf3 d6 2. d4 Nf6 3. c4 Bg4 4. Nc3 Nbd7 5. Qc2 c6 6. e4 Bxf3 7. gxf3 e5 8. d5 Qc7 9. Be3 a6 10. Bd3 Be7 11. 0-0-0 cxd5 12. cxd5 b5 13. Kb1 Nc5 14. Nxb5 axb5 15. Bxb5+ Nfd7 16. b4 Rb8 17. a4 Na6 18. Bxa6 Rxb4+ 19. Kc1 Qxc2+ 20. Kxc2 0-0 21. Kc3 Rbb8 22. Bb5 Rfc8+ 23. Bc6 Bd8 24. Kd3 Rb3+ 25. Kc4 Rbb8 26. Rb1 Nb6+ 27. Kd3 Kf8 28. a5 Na8 29. a6 Bc7 30. a7 Rxb1 31. Rxb1 Ke7 32. Rb7 Kd8 33. Kc4 f6 34. Kb5 h6 35. Ka6 h5 36. Rb1 Ke7 37. Bxa8 Rxa8 1-0

[Event "Berlin-ch Seniors op 21st"]
[Site "Berlin"]
[Date "2005.01.31"]
[Round "4"]
[White "Barwich, Alfred"]
[Black "Scharkowski, Albrecht"]
[Result "1-0"]
[WhiteElo "1980"]
[BlackElo "1644"]
[PlyCount "65"]
[EventDate "2005.01.28"]
[EventType "swiss"]
[EventRounds "9"]
[EventCountry "GER"]
[SourceTitle "EXT 2007"]
[Source "ChessBase"]
[SourceDate "2006.11.23"]
[SourceVersion "1"]
[SourceVersionDate "2006.11.23"]
[SourceQuality "1"]

1. d4 d5 2. c4 c6 3. cxd5 cxd5 4. Nc3 Nf6 5. Bf4 a6 6. e3 Nc6 7. Bd3 e6 8. h3 h6 9. Nf3 Bd6 10. Be5 0-0 11. Rc1 Qe7 12. Bb1 Bxe5 13. Nxe5 Nxe5 14. dxe5 Nh7 15. 0-0 f5 16. Ne2 b5 17. Nd4 Bb7 18. a4 bxa4 19. Qxa4 Rfc8 20. Bd3 Rxc1 21. Rxc1 Nf8 22. Qa5 Qd8 23. Qxd8 Rxd8 24. Rc7 Rb8 25. f4 Kh8 26. Re7 Kg8 27. Nxe6 Nxe6 28. Rxe6 Ra8 29. Rd6 Rf8 30. Rb6 Bc8 31. Bc2 a5 32. Bb3 Rd8 33. Rb8 1-0

[Event "Berlin-ch Seniors op 21st"]
[Site "Berlin"]
[Date "2005.01.30"]
[Round "3"]
[White "Scharkowski, Albrecht"]
[Black "Stiemerling, Karl Heinz"]
[Result "1-0"]
[WhiteElo "1644"]
[BlackElo "1568"]
[PlyCount "107"]
[EventDate "2005.01.28"]
[EventType "swiss"]
[EventRounds "9"]
[EventCountry "GER"]
[SourceTitle "EXT 2007"]
[Source "ChessBase"]
[SourceDate "2006.11.23"]
[SourceVersion "1"]
[SourceVersionDate "2006.11.23"]
[SourceQuality "1"]

1. g3 d5 2. Bg2 c6 3. d3 g6 4. Nf3 Bg7 5. 0-0 Nf6 6. Nbd2 Bg4 7. h3 Bxf3 8. Nxf3 0-0 9. c3 Nbd7 10. Qc2 e5 11. e4 Qc7 12. a3 b5 13. b3 Nb6 14. Bb2 Rac8 15. Rac1 a5 16. Rfe1 a4 17. exd5 Nbxd5 18. b4 Nd7 19. c4 bxc4 20. dxc4 Ne7 21. c5 Bh6 22. Rcd1 f6 23. Qxa4 Rb8 24. Qb3+ Nd5 25. Qc4 Rf7 26. Nd2 Bxd2 27. Rxd2 Kg7 28. Bxd5 cxd5 29. Qxd5 Nf8 30. Red1 Re8 31. Qe4 Qc8 32. Kg2 Ne6 33. h4 Nxc5 34. bxc5 Qxc5 35. Rd7 Ree7 36. Rxe7 Rxe7 37. Qd5 Qc2 38. Rd2 Qa4 39. Rd3 Qa6 40. Bc1 Qc8 41. Be3 Qg4 42. Bc5 Rf7 43. Rb3 Qc8 44. Rd3 e4 45. Rd2 Qg4 46. Qb3 g5 47. hxg5 fxg5 48. Qe3 h5 49. Re2 Rf4 50. Bd6 h4 51. Bxf4 gxf4 52. Qxe4 f3+ 53. Kg1 Qh3 54. Qxf3 1-0

[Event "Berlin Lichtenberger Sommer 3th"]
[Site "Berlin"]
[Date "2004.08.17"]
[Round "4.57"]
[White "Scharkowski, Albrecht"]
[Black "Schmarr, Denis"]
[Result "0-1"]
[WhiteElo "1693"]
[BlackElo "1865"]
[PlyCount "116"]
[EventDate "2004.08.14"]
[EventType "swiss"]
[EventRounds "9"]
[EventCountry "GER"]
[SourceTitle "EXT 2022"]
[Source "ChessBase"]
[SourceDate "2021.10.06"]
[SourceVersion "1"]
[SourceVersionDate "2021.10.06"]
[SourceQuality "1"]

1. d3 e6 2. Nd2 d5 3. e4 Nf6 4. Ngf3 c5 5. g3 Nc6 6. c3 Be7 7. Bg2 dxe4 8. dxe4 0-0 9. 0-0 e5 10. Qc2 Bg4 11. h3 Bh5 12. Nc4 Qc7 13. a4 Rad8 14. Bg5 Rd7 15. Rad1 Rfd8 16. Rxd7 Rxd7 17. g4 Bg6 18. Nh4 Qd8 19. Nf5 Bxf5 20. gxf5 h6 21. Bh4 Nh5 22. Bxe7 Qxe7 23. Ne3 Nf4 24. Rd1 Na5 25. Kh2 Rxd1 26. Qxd1 Qg5 27. Bf1 Qh4 28. Kg1 Qg5+ 29. Kh2 Qe7 30. Ng2 Nxg2 31. Kxg2 c4 32. Qd5 Qc7 33. Be2 b6 34. Qa8+ Kh7 35. Qd5 Kg8 36. Qa8+ Kh7 37. Qd5 f6 38. Bh5 Qc8 39. Bg6+ Kh8 40. Qf7 Qa8 41. Qe8+ Qxe8 42. Bxe8 Kg8 43. Bb5 Kf7 44. Kg3 Ke7 45. f4 Kd6 46. fxe5+ Kxe5 47. Kf3 Nb3 48. Ke3 Nc5 49. Bxc4 Nxa4 50. Bb5 Nc5 51. Bc6 a5 52. b4 axb4 53. cxb4 Nb3 54. Bd5 Nd4 55. Kd3 Nxf5 56. Ba2 Nd6 57. Bd5 g5 58. Bc6 h5 0-1

[Event "Berlin Lichtenberger Sommer 3th"]
[Site "Berlin"]
[Date "2004.08.14"]
[Round "1.41"]
[White "Hahlbohm, Matthias"]
[Black "Scharkowski, Albrecht"]
[Result "1-0"]
[WhiteElo "2079"]
[BlackElo "1693"]
[PlyCount "45"]
[EventDate "2004.08.14"]
[EventType "swiss"]
[EventRounds "9"]
[EventCountry "GER"]
[SourceTitle "EXT 2022"]
[Source "ChessBase"]
[SourceDate "2021.10.06"]
[SourceVersion "1"]
[SourceVersionDate "2021.10.06"]
[SourceQuality "1"]

1. e4 d6 2. d4 Nf6 3. Nc3 c6 4. Be3 Qc7 5. f3 e5 6. Qd2 Nbd7 7. 0-0-0 b5 8. g4 Nb6 9. g5 Nfd7 10. d5 Nc4 11. Bxc4 bxc4 12. Kb1 c5 13. Ka1 Qa5 14. f4 Be7 15. f5 f6 16. h4 Nb6 17. h5 Bd7 18. h6 g6 19. gxf6 Bxf6 20. Bg5 Rf8 21. Bxf6 Rxf6 22. Qg5 Ke7 23. fxg6 1-0